Моделирование электрических аппаратов в программе Autodesk Inventor 7.0: учебное пособие

Opis bibliograficzny
1. autor: Богданов Е. П. Евгений Петрович
Korporacja: Томский политехнический университет (ТПУ)
Kolejni autorzy: Дмитриев К. С. Кирилл Сергеевич
Streszczenie:В пособии представлен порядок моделирования электрических аппаратов в программе Autodesk Inventor 7.0. Приведены приемы работы в системах автоматизированного проектирования с использованием редактора на платформе AutoCAD, что позволяет значительно повысить производительность проектирования, контроля и документирования сложных электротехнических и машиностроительных изделий. Предназначено для студентов, обучающихся по специальности 140602 «Электрические и электронные аппараты» направления 140600 «Электротехника, электромеханика и электротехнологии», а также для специалистов, повышающих квалификацию в данной области.
Język:rosyjski
Wydane: Томск, Изд-во ТПУ, 2009
Hasła przedmiotowe:
Format: Książka
KOHA link:https://koha.lib.tpu.ru/cgi-bin/koha/opac-detail.pl?biblionumber=158888

MARC

LEADER 00000nam0a2200000 4500
001 158888
005 20240116122601.0
035 |a (RuTPU)RU\TPU\book\172321 
090 |a 158888 
100 |a 20090429d2009 m y0rusy50 ca 
101 0 |a rus 
102 |a RU 
105 |a a j 001zy 
200 1 |a Моделирование электрических аппаратов в программе Autodesk Inventor 7.0  |e учебное пособие  |f Е. П. Богданов, К. С. Дмитриев  |g Томский политехнический университет (ТПУ) 
210 |a Томск  |c Изд-во ТПУ  |d 2009 
215 |a 144 с.  |c ил. 
320 |a Библиогр.: с. 143. 
330 |a В пособии представлен порядок моделирования электрических аппаратов в программе Autodesk Inventor 7.0. Приведены приемы работы в системах автоматизированного проектирования с использованием редактора на платформе AutoCAD, что позволяет значительно повысить производительность проектирования, контроля и документирования сложных электротехнических и машиностроительных изделий. Предназначено для студентов, обучающихся по специальности 140602 «Электрические и электронные аппараты» направления 140600 «Электротехника, электромеханика и электротехнологии», а также для специалистов, повышающих квалификацию в данной области. 
606 1 |a Электрические установки  |x Математическое моделирование  |2 stltpush  |3 (RuTPU)RU\TPU\subj\27679  |9 51399 
610 1 |a электрические аппараты 
610 1 |a тиристоры 
610 1 |a сборка 
610 1 |a параметры 
610 1 |a изменение 
610 1 |a радиаторы 
610 1 |a стержни 
610 1 |a резиновые прокладки 
610 1 |a бивентильные элементы 
610 1 |a соединительные провода 
610 1 |a клеммы 
610 1 |a тиристорные пускатели 
610 1 |a корпусы 
610 1 |a вспомогательные детали 
610 1 |a бивентильные ячейки 
610 1 |a тиристорные пускатели 
610 1 |a учебные пособия 
610 1 |a труды учёных ТПУ 
675 |a 621.31.001.5(075.8)  |v 3 
700 1 |a Богданов  |b Е. П.  |c специалист в области электротехники  |c доцент Томского политехнического университета, кандидат технических наук  |f 1960-  |g Евгений Петрович  |9 11874 
701 1 |a Дмитриев  |b К. С.  |g Кирилл Сергеевич 
712 0 2 |a Томский политехнический университет (ТПУ)  |c (1991- )  |3 (RuTPU)RU\TPU\col\376 
801 1 |a RU  |b 63413507  |c 20090429  |g PSBO 
801 2 |a RU  |b 63413507  |c 20150609  |g PSBO 
942 |c BK